| 000 | 00988nam2a22002531 4500 | ||
|---|---|---|---|
| 001 | RU\NLR\Per\905175 | ||
| 005 | 20250617200358.0 | ||
| 010 | _a978-5-4420-0121-1 | ||
| 035 | _a(NLR Aleph) 003146481 | ||
| 090 |
_a2966479 _c2966479 |
||
| 100 | _a20121129d2012 |||y0rusy50 ca | ||
| 101 | 0 | _arus | |
| 102 | _aRU | ||
| 105 | _ay ||||000|y | ||
| 200 | 0 | _a2012, № 26 (86) | |
| 210 |
_d2012 _aБ. м. |
||
| 461 | 0 |
_1001RU\NLR\INFOCOMM7\5000006917 _12001#$aСобрание законодательства Воронежской области$fВоронеж. обл. дума и др.$v2012, № 26 (86) _94500770 _cВоронеж _d1997- _fВоронеж. обл. дума и др. _nВоронеж. обл. дума _tСобрание законодательства Воронежской области _v2012, № 26 (86) |
|
| 801 | 1 |
_aRU _bInfoComm _c20041112 |
|
| 801 | 0 |
_aRU _bNLR _gPSBO |
|
| 852 |
_aNLR _jП22/7053 |
||
| 942 | _cISSUE | ||
| 980 | _aNB | ||
| 980 | _aRUSPER | ||